000 00630nam a2200253Ia 4500
003 OSt
005 20221005031739.0
006 a|||||r|||| 00| 0
007 ta
008 221004b |||||||| |||| 00| 0 tam d
020 _c3.00
024 _a65044
037 _cTextual
040 _aCRL
_cCRL
_btam
041 _2tam
_atam
082 _a31K03, M8
100 _aSundharam K.P. Au.
_9584229
245 0 _aAangal Udai
260 _aChennai
_bPaari Nilayam India
_c1960
300 _a176p.
_ccm.
650 _aARTS
942 _h31K03, M8
_cTEXL
_2cc
999 _c938369
_d938369